Statistics for Top 10 hardest extreme demons

Click here to take the quiz!

General Stats

  • This quiz has been taken 24 times
  • The average score is 7 of 10

Answer Stats

HintAnswer% Correct
1Tartarus
100%
2The Golden
84%
3Zodiac
84%
5Crimson Planet
74%
4Kenos
74%
7Cold Sweat
63%
6Renevant
63%
10Calculator Core
53%
9Thinking Space
53%
8Cognition
42%

Score Distribution

Percentile by Number Answered

Percent of People with Each Score

Your Score History

You have not taken this quiz